000 00586nam a22001817a 4500
005 20231114074438.0
008 231114b |||||||| |||| 00| 0 eng d
020 _a0459551132 ; 0459551159
041 _aEnglish
082 _a345 SAX
100 _aSaxton, BJ and Stansfield, RT
_lEnglish
245 _aUnderstanding Criminal Offences /
_cBJ Saxton and RT Stansfield
250 _aThird Edition
260 _aCanada :
_bThomson Canada Limited,
_c1992
300 _bxxiii, 364 pages ;
_c24,5 cm.
650 _aLegal practice
_bLaw
942 _cBK
_6ALISON_BN_VRIES
999 _c605
_d605